LEADER 01235nam 2200325Ka 450 001 9910695836603321 005 20070607172231.0 035 $a(CKB)5470000002373426 035 $a(OCoLC)140731589 035 $a(EXLCZ)995470000002373426 100 $a20070607d2002 ua 0 101 0 $aeng 181 $ctxt$2rdacontent 182 $cc$2rdamedia 183 $acr$2rdacarrier 200 10$aFinancial management/compliance with the Federal Financial Management Improvement Act$b[electronic resource] $eCommunity Development Financial Institutions Fund post-award administration process 210 1$a[Washington, D.C.] :$cOffice of Inspector General, Dept. of the Treasury,$d[2002] 215 $a54 pages $cdigital, PDF file 225 1 $aAudit report ;$vOIG-02-122 300 $aTitle from title screen (viewed on June 7, 2007). 300 $a"September 24, 2002." 517 $aFinancial management/compliance with the Federal Financial Management Improvement Act 606 $aCommunity development$zUnited States$xFinance 615 0$aCommunity development$xFinance. 801 0$bGPO 801 1$bGPO 906 $aBOOK 912 $a9910695836603321 996 $aFinancial Management$9424135 997 $aUNINA